Guess the Food by the Image - Statistics

General Stats
  • This quiz has been taken 114 times
  • The average score is 9 of 16
Answer Stats
Picture Answer % Correct
hotdog
93%
pizza
93%
sushi
93%
croissant
91%
bagel
87%
tacos
85%
hummus
68%
kimchi
56%
chicken wings
55%
paella
53%
baklava
48%
pho
45%
currywurst
18%
goulash
17%
pierogi
14%
tom yum soup
10%
No matching quizzes found
Score Distribution
Percent of People with Each Score
Percentile by Number Answered
Your Score History
You have not taken this quiz